MARC

LEADER 00000nam0a2200000 4500
001 33472
005 20231101210152.0
010 |a 5283006247 
035 |a (RuTPU)RU\TPU\book\33815 
035 |a BOOK00000466 
090 |a 33472 
100 |a 20011210d1990 m y0rusy50 ca 
101 0 |a rus 
102 |a RU 
105 |a y j 000zy 
200 1 |a Измерение электрических и неэлектрических величин  |e учебное пособие  |f Под общ. ред. Н. Н. Евтихиева 
210 |a Москва  |c Энергоатомиздат  |d 1990 
215 |a 352 с. 
606 |a Измерение электрических величин  |2 stltpush  |3 (RuTPU)RU\TPU\subj\12260  |9 39074 
610 1 |a приборостроение 
610 1 |a технологические процессы 
610 1 |a контроль 
610 1 |a устройства 
610 1 |a применение 
610 1 |a схемы включения 
610 1 |a учебные пособия 
675 |a 621.317.3(075.8)  |v 3 
702 1 |a Евтихиев  |b Н. Н.  |g Николай Николаевич  |4 340 
801 0 |a RU  |b 63413507  |c 20011210  |g PSBO 
801 2 |a RU  |b 63413507  |c 20210527  |g PSBO 
900 |a Системы автоматического контроля технологических процессов 
900 |a Информационно-измерительная техника и электроника 
900 |a Метрология и электрические измерения 
900 |a Измерение электрических величин 
900 |a Измерение неэлектрических величин 
900 |a Основы автоматизации физического эксперимента 
900 |a Методы измерений, испытаний и контроля 
900 |a Основы измерительной техники 
900 |a Теоретические основы информационно-измерительной техники 
942 |c BK